| 000 | 00757nam a2200205 i 4500 | ||
|---|---|---|---|
| 001 | 186900 | ||
| 003 | ES-MaACL | ||
| 005 | 20251001142819.0 | ||
| 008 | 170228s1932 sp |||| | spa d | ||
| 100 | 1 |
_aRomanones, Álvaro de Figueroa y Torres, _cConde de, _d1863-1950 _999264 |
|
| 245 | 1 | 0 |
_aEspartero el general del pueblo / _cpor el conde de Romanones. |
| 250 | _a1ª ed. | ||
| 260 |
_aMadrid : _bEspasa-Calpe, _c1932. |
||
| 300 |
_a229 p., [5] p. de lám. ; _c18 cm. |
||
| 490 | 1 |
_aVidas españolas e hispano-americanas del siglo XIX ; _v26 |
|
| 600 | 1 | 4 |
_aEspartero, Baldomero, _d1793-1879 _947778 |
| 830 | 0 | 0 |
_aVidas españolas e hispanoamericanas del siglo XIX _v26 _9192640 |
| 852 |
_aES-MaACL _jC-23237 |
||
| 999 |
_c186900 _d186900 |
||